| 000 | 00967cab a2200229 4500 | ||
|---|---|---|---|
| 001 | ABS39220 | ||
| 008 | 090401t1988 xxu||||| |||| 00| 0 eng d | ||
| 035 | _a(Sirsi) u15180 | ||
| 041 | _aeng | ||
| 100 | _aNewman, P. | ||
| 245 | _aHousing the workers: low-cost solution? | ||
| 260 | _c1988 | ||
| 350 | _a0 | ||
| 490 |
_aTown & Country Planning _v57(5) May 1988, 150-151(2) |
||
| 520 | _aLooks at schemes designed to assist those in the south-east who find it impossible to become property owners because of high prices. Nationwide Anglia `s Quality Street scheme provides rented housing particularly for people changing jobs; it also has developed a scheme to offer cheap loans to nurses . Some employers are establishing relations with housing associations to gain nomination rights for new workers. | ||
| 650 | _aEMPLOYMENT | ||
| 650 | _aHOUSE PURCHASE | ||
| 650 | _aHOUSING | ||
| 690 | _aPROPERTY LAW AND PRACTICE | ||
| 942 | _n0 | ||
| 948 | _c04/03/1997 | ||
| 999 |
_c9926 _d9926 |
||